000 00332nam a22001457a 4500
008 251229b ||||| |||| 00| 0 eng d
020 _a9789951437714
041 _aalb
080 _2070
_80001
_a0001
082 _20002
100 _a24
101 _agaz
245 _aShkathtësit e Shkrimit
_cSafet Zejnullahu
942 _2udc
_cBK
999 _c60741
_d60741